| 000 | 00738nam a22001937a 4500 | ||
|---|---|---|---|
| 999 |
_c371471 _d371471 |
||
| 008 | 201127b ||||| |||| 00| 0 eng d | ||
| 040 |
_aDE-2950 _bger _cDE-2950 _erda |
||
| 041 | _ager | ||
| 245 |
_aWalter Plathe kommt zum MOZ-Talk. _bKleist-Forum: Der Volksschauspieler aus Berlin plaudert am 16. MÄRZ über Dinge, die er in seinem Leben nicht ausgelassen hat ... _cHeinz Kannenberg |
||
| 264 | _c2022 | ||
| 653 | _aFrankfurt (Oder) | ||
| 653 | _aKleist-Forum | ||
| 653 | _aMOZ-Talk | ||
| 773 |
_dFrankfurt (Oder) Märkisches Verlags- und Druckhaus GmbH & Co KG _tMärkische Oderzeitung _g33. Jahrgang (2022) Nr. 48 vom 26./27.02.2022, S. 20 |
||
| 942 | _cA | ||